00715nam a2200205Ia 4500003000900000008004100009020001800050040001600068080002100084100002900105245011900134260003000253300001700283650003000300650003400330650001900364942000700383999001500390952010400405IN-BaIIA211028s9999 xx 000 0 eng d a0-07-084483-6 cIIA Library a621.38(035)bHAM aHamilton, T. D. S910182 0aHandbook of linear integrated electronics for researchcT. D. S Hamilton  aLondonbMcGraw-Hillc1977 axviii, 469p. aIntegrated circuits93314 aIntegrated electronics910183 aNASA thesaurus cBK c5869d5869 00104070aBANbBANcGENd1978-08-18l0o621.38(035)/ HAMp6563r2021-11-05w1978-08-18yBK 26.00